Jak měřit úspešnost sponzoringu

Hodnotenie účinkov sponzoringu. Strategické plánovanie sponzoringu. Operatívne plánovanie sponzoringu. Zhoda medzi objektom sponzoringu a sponzorovaným. Meranie úspešnosti sponzoringu. Sponzoring navigátor, kritériá úspechu sponzoringu.

Enregistré dans:
Détails bibliographiques
Auteur principal: Tomek, Gustav
Autres auteurs: Vávrová, Věra
Format: Chapitre de livre
Langue:tchèque
Sujets:
Tags: Ajouter un tag
Pas de tags, Soyez le premier à ajouter un tag!

MARC

LEADER 00000naa$a2200000$$$4500
001 0073714
005 20231114080030.6
041 0 |a cze 
044 |a CZ 
245 1 0 |a Jak měřit úspešnost sponzoringu  |c Gustav Tomek, Věra Vávrová 
520 |a Hodnotenie účinkov sponzoringu. Strategické plánovanie sponzoringu. Operatívne plánovanie sponzoringu. Zhoda medzi objektom sponzoringu a sponzorovaným. Meranie úspešnosti sponzoringu. Sponzoring navigátor, kritériá úspechu sponzoringu. 
610 2 0 |a sponzorovanie 
610 2 0 |a plánovanie strategické 
610 2 0 |a plánovanie operatívne 
610 2 0 |a úspech pracovný 
610 2 0 |a ukazovatele 
610 2 0 |a meranie 
100 1 |a Tomek, Gustav 
700 1 |a Vávrová, Věra